00988cam a2200241 a 450000100060000000300080000600500170001400800410003103500200007204000360009204100080012808200200013610000390015624501640019526000630035930000250042265000770044774000180052483000280054294200120057099900170058295201470059920286BD-RjUL20211209000538.0140227r19661961e 000 1 eng u a(BD-RjUL) 20348 aWHEdm.cdBD-RjULbengcBD-RjUL aeng04a823.5bDEF 19661 aDefoe, Daniel,d1661?-1731.96252014aThe fortunes and misfortunes of the famous Moll Flanders /cby Daniel Defoe ; with an introduction by Bonamy Dobrée ; and a note on the text by Herbert Davis aLondon :bOxford University Press,c1961 [reprinted 1966]. axi, 394 p. ;c16 cm.1 a England -- Social life and customs -- 17th century -- Fiction. 9625210 aMoll Flanders 0aWorld's classics962526 2ddccBK c20286d20286 00102ddc40718FICaRUCLbRUCLcReadingd1970-12-18eSweets & Zeitlingerg91.00l0o823.5 DEF 1966r2014-02-27 00:00:00tC-1w2014-02-27yBK